Normal view
MARC view
- شاكر، الشيخ احمد
Entry Personal Name
001 - CONTROL NUMBER
- control field: 40577
003 - CONTROL NUMBER IDENTIFIER
- control field: JO-AjAnu
005 - DATE AND TIME OF LATEST TRANSACTION
- control field: 20230606080735.0
008 - FIXED-LENGTH DATA ELEMENTS
- fixed length control field: 230606|| aca||aabn | a|a d
040 ## - CATALOGING SOURCE
- Original cataloging agency: JO-AjAnu
- Transcribing agency: JO-AjAnu
100 ## - HEADING--PERSONAL NAME
- Personal name: شاكر، الشيخ احمد
670 ## - SOURCE DATA FOUND
- Source citation: Work cat.: (JO-AjAnu)20800: شاكر، الشيخ احمد , author, تصحيح الكتب وصنع الفهارس المعجمة وكيفية ضبط الكتاب وسبق المسلمين الافرنج في ذلك